000
00322nam a22001457a 4500
020
_a
978-9332570313
041
_a
ENG
100
_a
Haykin.S
245
_a
Neural Networks And Learning Machines
250
_a
Third Ed
260
_a
New York
_b
Pearson
_c
2008
300
_a
906
650
_a
SWCE
856
_u
SWCE ( 43 )
999
_c
1965
_d
1965